Continuous and discrete dynamics near manifolds of equilibria
Αποθηκεύτηκε σε:
| Κύριος συγγραφέας: | |
|---|---|
| Μορφή: | Βιβλίο |
| Γλώσσα: | English |
| Δημοσίευση: |
Berlin ; New York :
Springer-Verlag,
1984
|
| Σειρά: | Lecture notes in mathematics (Springer-Verlag)
; 1058 |
| Θέματα: | |
| Ετικέτες: |
Προσθήκη ετικέτας
Δεν υπάρχουν, Καταχωρήστε ετικέτα πρώτοι!
|
MARC
| LEADER | 00000nam a2200000 i 4500 | ||
|---|---|---|---|
| 001 | 1/61437 | ||
| 008 | 941103s1984 eng d | ||
| 020 | |a 3-540-13329-1 | ||
| 035 | |a 1993 |l 10046435 | ||
| 040 | |a GR-MY-UA |b gre |e aacr | ||
| 041 | 0 | |a eng | |
| 100 | 1 | |a Aulbach, Bernd |d 1947- | |
| 245 | 1 | 0 | |a Continuous and discrete dynamics near manifolds of equilibria / |c Bernd Aulbach |
| 260 | |a Berlin ; New York : |b Springer-Verlag, |c 1984 | ||
| 300 | |a ix, 142 p.; |c 25 cm. | ||
| 490 | 1 | |a Lecture notes in mathematics (Springer-Verlag) |v ; 1058 | |
| 500 | |a Includes bibliographical references and index | ||
| 650 | 0 | 0 | |a Differential equations |x Numerical solutions. |
| 650 | 0 | 0 | |a Differentiable dynamical systems. |
| 650 | 0 | 0 | |a Manifolds (Mathematics) |
| 830 | 0 | |a Lecture notes in mathematics (Springer-Verlag) |v ; 1058 | |
| 852 | |a INST |b SAMOS |e 19941103 |h 515.35 AUL |p 005300007017 |q 005300007017 |t BK |y 0 | ||
| 909 | |a Σ |b 028934 | ||